000 00355nam a2200145Ia 4500
008 230312s9999||||xx |||||||||||||| ||und||
020 _a93-329-0143-8
082 _a620.106
_bSHA-M
100 _aShames;Irving,H
245 0 _aMechanics of fluids
260 _bMcgraw hill
_aindia
_c1992
300 _a855
650 _aEngineering
_vAvionics
942 _cBK
999 _c12471
_d12471